000 00555nam a2200169 a 4500
001 000025575
005 20240306073910.0
008 110217s1930 cu r 000 0 spa d
040 _aDO-SdBNP
_bspa
_cBNPHU
082 _axxxxx
_bM378v
100 1 _aMartí, José,
_d1853-1895
_9645
245 1 0 _aMartí :
_bversos de amor (inéditos) /
_cedición y compilación Gonzalo de Quesada y Miranda.
260 _aLa Habana :
_bRambla, Bouza,
_c1930.
300 _ax, 70 p. ;
_c16 cm.
700 1 _aQuesada y Miranda, Gonzalo de,
_eed.
_ecomp.
_952257
049 _aBNGR
999 _c25067
_d25067